• 首页
  • 本馆介绍
  • 公告通知
  • 最新文献
  • 馆藏检索
  • 电子资源
  • 读者导购
  • 参考咨询
  • 我的图书馆
  • 登录
  • 详细信息显示
  • 放入我的书架
  • 预约/预借图书
  • 作者相关作品
  • 分类相关作品
  • 丛书相关作品
  • 出版社相关作品

书目信息

  • 表格格式
  • 工作单格式
  • 卡片格式
题名:
芦笋高效栽培技术
    
 
作者: 李书华 , 于继庆 , 郑红霞 编著
分册:  
出版信息: 济南   山东科学技术出版社  2012.12
页数: 110页
开本: 21cm
丛书名: 跟王乐义学种菜丛书
单 册:
中图分类: S644.6
科图分类:
主题词: 石刁柏--蔬菜园艺 , 石刁柏 , 蔬菜园艺
电子资源:
ISBN: 978-7-5331-6354-9
000 01039nam0 2200301 450
001 006461041
005 20140609084430.35
010    @a978-7-5331-6354-9@dCNY13.00
100    @a20130131d2012 em y0chiy0110 ea
101 0  @achi
102    @aCN@b370000
105    @aa z 000yy
106    @ar
200 1  @a芦笋高效栽培技术@9lu sun gao xiao zai pei ji shu@f李书华,于继庆,郑红霞等编著
210    @a济南@c山东科学技术出版社@d2012.12
215    @a110页@c照片@d21cm
225 1  @a跟王乐义学种菜丛书@f徐莹主编
304    @a编著者还有:王本明、林秀花、张桂珍、李芳、李霞
330    @a本书芦笋生产实际出发,向菜农介绍了芦笋种植所采用的先进技术,如芦笋优良品种、大棚及其配套设施、育苗技术、主要栽培形式和栽培新技术、病虫害防治等。
606 0  @a石刁柏@x蔬菜园艺
606 0  @a石刁柏
606 0  @a蔬菜园艺
690    @aS644.6@v5
701  0 @a李书华@9li shu hua@f(1962.5~)@4编著
701  0 @a于继庆@9yu ji qing@4编著
701  0 @a郑红霞@9zheng hong xia@4编著
801  0 @aCN@bNLC@c20130226
905    @b548495-97@dS644.6@e271@f3
    
    芦笋高效栽培技术/李书华,于继庆,郑红霞等编著.-济南:山东科学技术出版社,2012.12
    110页:照片;21cm.-(跟王乐义学种菜丛书/徐莹主编)
    
    
    ISBN 978-7-5331-6354-9:CNY13.00
    本书芦笋生产实际出发,向菜农介绍了芦笋种植所采用的先进技术,如芦笋优良品种、大棚及其配套设施、育苗技术、主要栽培形式和栽培新技术、病虫害防治等。
●
相关链接 在E读中查询图书 在五车中查询图书 在当当中查询图书 在豆瓣中查询图书


正题名:芦笋高效栽培技术     索取号:S644.6/271         预约/预借

序号 登录号 条形码 馆藏地/架位号 状态 备注
1 548495   205484956   第二样本阅览室/ [索取号:S644.6/271] 在馆    
2 548496   205484965   密集书库-生命科学系/ [索取号:S644.6/271] 在馆    
3 548497   205484974   第三借阅区/ [索取号:S644.6/271] 在馆    
唐山师范学院图书馆 欢迎您!
大连网信软件有限公司© 版权所有